Catálogo - Centro de Recursos para el Aprendizaje y la Investigación

Volver al Sitio - CRAI Biblioteca

Las diversas medidas de coerción y su aplicación en el proceso penal / (Registro nro. 113417)

Detalles MARC
000 -CABECERA
campo de control de longitud fija 02286nam a2200361 4500
001 - NÚMERO DE CONTROL
campo de control 113417
003 - IDENTIFICADOR DEL NÚMERO DE CONTROL
campo de control DR-UNIBE
005 - FECHA Y HORA DE LA ÚLTIMA TRANSACCIÓN
campo de control 20250408145943.0
008 - DATOS DE LONGITUD FIJA--INFORMACIÓN GENERAL
campo de control de longitud fija 250408b2008 dr ||||| |||| 00| 0 spa d
020 ## - NÚMERO INTERNACIONAL ESTÁNDAR DEL LIBRO
Número Internacional Estándar del Libro 9789945001037
040 ## - FUENTE DE LA CATALOGACIÓN
Centro catalogador/agencia de origen BIBLIOTECA UNIBE
Centro/agencia transcriptor BIBLIOTECA UNIBE
Lengua de catalogación spa
041 ## - CÓDIGO DE LENGUA
Código de lengua del texto/banda sonora o título independiente spa
082 ## - NÚMERO DE LA CLASIFICACIÓN DECIMAL DEWEY
Número de edición 22
Número de clasificación RD 345.72930527 P328d
100 1# - ENTRADA PRINCIPAL--NOMBRE DE PERSONA
Nombre de persona Paulino Baldera, Cristian de Jesús
Término indicativo de función/relación autor
9 (RLIN) 194006
245 14 - MENCIÓN DE TÍTULO
Título Las diversas medidas de coerción y su aplicación en el proceso penal /
Mención de responsabilidad, etc. Cristian de Jesús Paulino Baldera
260 ## - PUBLICACIÓN, DISTRIBUCIÓN, ETC.
Lugar de publicación, distribución, etc. Santo Domingo :
Nombre del editor, distribuidor, etc. Circulo de Estudio Jurídico Vegano,
Fecha de publicación, distribución, etc. 2008
300 ## - DESCRIPCIÓN FÍSICA
Extensión 387 páginas ;
Dimensiones 24 x 16 cm
504 ## - NOTA DE BIBLIOGRAFÍA, ETC.
Nota de bibliografía, etc. Incluye referencias bibliográficas (páginas: 384-387) e índice
505 0# - NOTA DE CONTENIDO CON FORMATO
Nota de contenido con formato Dedicatoria |<br/>Presentación |<br/>Prólogo |<br/>Introducción |<br/>Capítulo 1. Concepto y naturaleza jurídica de la prisión preventiva |<br/>Capítulo 2. La prisión preventiva en el Código de Procedimiento Criminal de 1884 |<br/>Capítulo 3. Fuente legal de prisión preventiva en el nuevo Código Procesal Penal (Ley 76-02) |<br/>Capítulo 4. Principios y condiciones para establecer la prisión preventiva en el nuevo Código Procesal Penal |<br/>Capítulo 5. Procedencia de la prisión preventiva |<br/>Capítulo 6. Duración de la prisión preventiva en la fase preliminar |<br/>Capítulo 7. Procedimiento que acuerda la prisión preventiva |<br/>Capítulo 8. Medidas alternativas a la prisión preventiva |<br/>Capítulo 9. Medidas cautelares reales |<br/>Capítulo 10. El arresto |<br/>Capítulo 11. Breve recopilación de la jurisprudencias garantistas<br/><br/>
650 #7 - PUNTO DE ACCESO ADICIONAL DE MATERIA--TÉRMINO DE MATERIA
Fuente del encabezamiento o término lemb
Término de materia o nombre geográfico como elemento de entrada Coacción (Derecho)
Subdivisión geográfica República Dominicana
9 (RLIN) 194031
650 #7 - PUNTO DE ACCESO ADICIONAL DE MATERIA--TÉRMINO DE MATERIA
Fuente del encabezamiento o término lemb
Término de materia o nombre geográfico como elemento de entrada Detención preventiva
Subdivisión geográfica República Dominicana
9 (RLIN) 194032
650 #7 - PUNTO DE ACCESO ADICIONAL DE MATERIA--TÉRMINO DE MATERIA
Fuente del encabezamiento o término lemb
Término de materia o nombre geográfico como elemento de entrada Procedimiento penal
Subdivisión geográfica República Dominicana
9 (RLIN) 15663
650 #7 - PUNTO DE ACCESO ADICIONAL DE MATERIA--TÉRMINO DE MATERIA
Fuente del encabezamiento o término lemb
Término de materia o nombre geográfico como elemento de entrada Proceso penal
650 #7 - PUNTO DE ACCESO ADICIONAL DE MATERIA--TÉRMINO DE MATERIA
Fuente del encabezamiento o término lemb
Término de materia o nombre geográfico como elemento de entrada Jurisprudencia penal
9 (RLIN) 50252
650 #7 - PUNTO DE ACCESO ADICIONAL DE MATERIA--TÉRMINO DE MATERIA
Fuente del encabezamiento o término lemb
Término de materia o nombre geográfico como elemento de entrada Administración de justicia penal
650 #7 - PUNTO DE ACCESO ADICIONAL DE MATERIA--TÉRMINO DE MATERIA
Fuente del encabezamiento o término lemb
Término de materia o nombre geográfico como elemento de entrada Derecho penal
650 #7 - PUNTO DE ACCESO ADICIONAL DE MATERIA--TÉRMINO DE MATERIA
Fuente del encabezamiento o término lemb
Término de materia o nombre geográfico como elemento de entrada Medidas cautelares
650 #7 - PUNTO DE ACCESO ADICIONAL DE MATERIA--TÉRMINO DE MATERIA
Fuente del encabezamiento o término lemb
Término de materia o nombre geográfico como elemento de entrada Recursos provisionales
9 (RLIN) 29411
700 1# - PUNTO DE ACCESO ADICIONAL--NOMBRE DE PERSONA
Nombre de persona González Canahuate, L. Almanzor,
Fechas asociadas al nombre 1935-
Término indicativo de función/relación editor
9 (RLIN) 14808
700 1# - PUNTO DE ACCESO ADICIONAL--NOMBRE DE PERSONA
Nombre de persona Álvarez Valencia, Hugo
Término indicativo de función/relación prologuista
9 (RLIN) 52680
700 1# - PUNTO DE ACCESO ADICIONAL--NOMBRE DE PERSONA
Nombre de persona Campos Calderón, J. Federico
Término indicativo de función/relación introducción
9 (RLIN) 194007
942 ## - ELEMENTOS DE PUNTO DE ACCESO ADICIONAL (KOHA)
Fuente del sistema de clasificación o colocación Sistema de Clasificación Decimal Dewey
Tipo de ítem Koha Libro (general)
Existencias
Estado de retiro Estado de pérdida Fuente del sistema de clasificación o colocación No para préstamo Código de colección Localización permanente Fecha de adquisición Total de préstamos Signatura topográfica completa Código de barras Fecha visto por última vez Número de copia Precio válido a partir de Tipo de ítem Koha
  Disponible Sistema de Clasificación Decimal Dewey   General - Libros dominicanos Biblioteca Central UNIBE 08/02/2025   RD 345.72930527 P328d 250270 08/04/2025 Ej. 1 08/04/2025 Libro (general)